| 000 | 00654nam a2200229Ia 4500 | ||
|---|---|---|---|
| 003 | OSt | ||
| 005 | 20220928133233.0 | ||
| 006 | a|||||r|||| 00| 0 | ||
| 007 | ta | ||
| 008 | 220927b |||||||| |||| 00| 0 eng d | ||
| 024 | _a32916 | ||
| 037 | _cTextual | ||
| 040 |
_aSDCL _cSDCL _beng |
||
| 041 |
_2eng _aeng |
||
| 082 | _aSigma:f, L8.1 | ||
| 100 |
_aLuchins Abraham S _9484860 |
||
| 245 | 0 | _aRevisiting wertheimer's seminars. | |
| 260 |
_aLewisburg _bBucknell University Press _c1978 |
||
| 700 |
_a Luchins Edith H _9484861 |
||
| 942 |
_hSigma:f, L8.1 _cTEXL _2CC |
||
| 999 |
_c798453 _d798453 |
||